000 00870nmc a2200301 a 4500
003 AR-BaBNM
005 20251128205410.0
008 037119s1992 ||||||||||||||000 | spa||
020 _a84-7522-495-4
040 _cAR-BaBNM
100 1 _aMora, José Joaquín de
_d1783-1864
245 1 0 _aColección de sinónimos de la lengua castellana
260 _aMadrid
_bVisor
_c1992
300 0 _a168 p.
490 0 _aBiblioteca filológica hispana
_vv. 7
500 0 _aContiene índice alfabético al final de la obra
650 4 _aESPANOL
650 4 _aGLOSARIOS
650 4 _aSINONIMOS
650 4 _aUSO LINGUISTICO
650 4 _aSEMANTICA
650 4 _aRELACIONES DE EQUIVALENCIA
650 4 _aINVESTIGACION LINGUISTICA
700 1 _aHartzenbusch, Juan Eugenio
_eprologuista
700 1 _aEzquerra, Manuel Alvar
_eeditor
942 _cBK
998 _cMARTIN
999 _c11270
_d11270